Traduction des noms de pays en anglais - Statistiques

Statistiques générales
  • Ce quiz a été pris 357 fois
  • Le résultat moyen est 86 sur 196
Statistiques - réponses
Pays Nom en anglais % Correct
Inde India
92%
Espagne Spain
85%
Israël Israel
82%
Niger Niger
82%
Canada Canada
81%
Pakistan Pakistan
79%
Panama Panama
79%
Albanie Albania
78%
Libye Libya
78%
Népal Nepal
78%
Nigeria Nigeria
77%
Slovénie Slovenia
77%
Grèce Greece
76%
Tonga Tonga
76%
États-Unis United States
74%
Yémen Yemen
73%
Zambie Zambia
73%
Algérie Algeria
71%
Malawi Malawi
71%
Mali Mali
71%
Royaume-Uni United Kingdom
71%
Bénin Benin
70%
Namibie Namibia
70%
Togo Togo
70%
Estonie Estonia
69%
Guatemala Guatemala
69%
Jordanie Jordan
69%
Finlande Finland
68%
Guyana Guyana
68%
Sierra Leone Sierra Leone
68%
Turkménistan Turkmenistan
68%
Zimbabwe Zimbabwe
68%
Argentine Argentina
67%
Géorgie Georgia
67%
Andorre Andorra
66%
Allemagne Germany
66%
Liberia Liberia
66%
Croatie Croatia
65%
Italie Italy
65%
Malte Malta
65%
Afrique du Sud South Africa
65%
Kenya Kenya
64%
Eswatini Eswatini
63%
Iran Iran
63%
Uruguay Uruguay
63%
Angola Angola
61%
Égypte Egypt
61%
Éthiopie Ethiopia
61%
Gambie Gambia
61%
Maroc Morocco
61%
Sénégal Senegal
61%
Corée du Sud South Korea
61%
Taïwan Taiwan
61%
Corée du Nord North Korea
60%
Russie Russia
60%
Serbie Serbia
60%
Mauritanie Mauritania
59%
Thaïlande Thailand
59%
Brésil Brazil
58%
Sri Lanka Sri Lanka
58%
Ukraine Ukraine
58%
Botswana Botswana
57%
Ghana Ghana
57%
Islande Iceland
57%
Oman Oman
57%
Colombie Colombia
56%
République Démocratique du Congo Democratic Republic of Congo
56%
Kiribati Kiribati
56%
Îles Marshall Marshall Islands
56%
France France
55%
Haïti Haiti
55%
Micronésie Micronesia
55%
Tuvalu Tuvalu
55%
Grenade Grenada
54%
Irak Iraq
54%
Nauru Nauru
53%
Belize Belize
52%
Vanuatu Vanuatu
52%
Vatican Vatican
52%
Burkina Faso Burkina Faso
51%
Chili Chile
51%
Honduras Honduras
51%
Laos Laos
51%
Liechtenstein Liechtenstein
51%
Viêt Nam Vietnam
51%
Pays-Bas Netherlands
50%
Somalie Somalia
50%
Afghanistan Afghanistan
49%
Gabon Gabon
48%
Hongrie Hungary
48%
Mexique Mexico
48%
Tanzanie Tanzania
48%
Tunisie Tunisia
48%
Brunei Brunei
47%
Philippines Philippines
47%
Rwanda Rwanda
47%
Djibouti Djibouti
45%
Kirghizistan Kirghizistan
45%
Paraguay Paraguay
45%
Guinée Guinea
43%
Burundi Burundi
42%
Mozambique Mozambique
42%
Norvège Norway
42%
Qatar Qatar
42%
Dominique Dominica
41%
Portugal Portugal
41%
Monaco Monaco
40%
Soudan du Sud South Sudan
40%
Cuba Cuba
39%
Nouvelle-Zélande New Zealand
39%
Australie Australia
38%
Chypre Cyprus
38%
Papouasie-Nouvelle- Guinée Papua New Guinea
38%
Seychelles Seychelles
38%
Irlande Ireland
37%
Madagascar Madagascar
37%
Syrie Syria
37%
Tchad Chad
36%
Chine China
36%
Costa Rica Costa Rica
36%
Luxembourg Luxembourg
36%
Roumanie Romania
36%
Arménie Armenia
35%
Côte d'Ivoire Ivory Coast
35%
Liban Lebanon
35%
Turquie Turkey
35%
Barbade Barbados
34%
Bolivie Bolivia
34%
Pologne Poland
33%
Suède Sweden
33%
Indonésie Indonesia
32%
Trinité-et-Tobago Trinidad and Tobago
32%
Belgique Belgium
31%
République Dominicaine Dominican Republic
31%
Japon Japan
31%
Kosovo Kosovo
31%
Lettonie Latvia
31%
Monténégro Montenegro
31%
Pérou Peru
31%
Fidji Fiji
30%
Mongolie Mongolia
30%
Jamaïque Jamaica
29%
Bulgarie Bulgaria
28%
Saint-Marin San Marino
27%
Biélorussie Belarus
26%
Guinée-Bissau Guinea Bissau
26%
Lesotho Lesotho
26%
Nicaragua Nicaragua
26%
Suisse Switzerland
26%
Samoa Samoa
25%
Sao Tomé-et-Principe Sao Tome and Principe
25%
Azerbaïdjan Azerbaijan
24%
Bahamas Bahamas
24%
Slovaquie Slovakia
24%
Soudan Sudan
24%
Venezuela Venezuela
24%
Autriche Austria
23%
Maurice Mauritius
22%
Bosnie-Herzégovine Bosnia and Herzegovina
21%
Maldives Maldives
21%
Suriname Suriname
21%
Tadjikistan Tajikistan
21%
Malaisie Malaysia
20%
Bangladesh Bangladesh
19%
Cambodge Cambodia
19%
Comores Comoros
19%
Timor Oriental East Timor
19%
Kazakhstan Kazakhstan
19%
Émirats Arabes Unis United Arab Emirates
19%
Cameroun Cameroon
18%
Danemark Denmark
17%
Équateur Ecuador
17%
Singapour Singapore
17%
Guinée Équatoriale Equatorial Guinea
16%
Moldavie Moldova
16%
Macédoine du Nord North Macedonia
15%
Ouganda Uganda
15%
Tchéquie Czechia
14%
Salvador El Salvador
14%
Bhoutan Bhutan
13%
Lituanie Lithuania
13%
Palaos Palau
13%
Sainte-Lucie Saint Lucia
13%
Arabie Saoudite Saudi Arabia
13%
Îles Salomon Solomon Islands
13%
Ouzbékistan Uzbekistan
12%
Antigua-et-Barbuda Antigua and Barbuda
10%
Érythrée Eritrea
10%
Saint-Vincent-et-les- Grenadines Saint Vincent and the Grenadines
9%
Cap-Vert Cabo Verde
8%
Bahreïn Bahrain
7%
Saint-Christophe- et-Niévès Saint Kitts and Nevis
7%
Birmanie Burma
6%
Koweït Kuwait
6%
République Centrafricaine Central African Republic
5%
République du Congo Republic of Congo
5%
Aucun quiz correspondant
Distribution des résultats
% des personnes avec chaque résultat
Percentile par nombre de réponses
Votre historique - résultats
Vous n’avez pas pris ce quiz